| 000 -ლიდერი |
| ფიქსირებული სიგრძის საკონტროლო ველი |
02551nam a22002537a 4500 |
| 003 - საკონტროლო ნომრის იდენტიფიკატორი |
| საკონტროლო ველი |
Ge_BSU |
| 005 - ბოლო ოპერაციის თარიღი და დრო |
| საკონტროლო ველი |
20230517122932.0 |
| 008 - ფიქსირებული სიგრძის მონაცემთა ელემენტები - ზოგადი ინფორმაცია |
| ფიქსირებული სიგრძის საკონტროლო ველი |
230517s2019 ge ||||| |||| 00| 0 geo d |
| 020 ## - წიგნის საერთაშორისო სტანდარტული ნომერი |
| International Standard Book Number |
9789941488603 |
| 041 ## - ენის კოდი |
| Language code of text/sound track or separate title |
geo |
| 080 ## - უნივერსალური ათობითი კლასიფიკაციის ინდექსი |
| Universal Decimal Classification number |
821.353.1-91+398 : 22(=353.1) ა-95 |
| 245 ## - ცნობა სათაურის შესახებ |
| Title |
აჭარული საუნჯე : |
| Remainder of title |
[კრებული]. (ქობულეთი). ტომი 5 / |
| Statement of responsibility, etc |
მასალები მოამზადა ნანული ნოღაიდელმა; მთავარი რედაქტორი მერაბ ხალვაში; რედაქტორები : როინ მალაყმაძე, შუშანა ფუტკარაძე, ნოდარ კახიძე, ბიჭიკო დიასამიძე, თამილა ლომთათიძე; ბათუმის შოთა რუსთაველის სახელმწ. უნივერსიტეტი, ნიკო ბერძენიშვილის ინსტიტუტის ფოლკლორის, დიალექტოლოგიისა და ემიგრანტული ლიტერატურის კვლევის განყოფილება |
| Medium |
|
| 264 ## - წარმოების, გამოცემის, დისტრიბუციის და სხვა ცნობები |
| გამოცემის, წარმოების, დისტრიბუციის... ადგილი |
ბათუმი : |
| გამოცემის, წარმოების, დისტრიბუციის... სახელწოდება |
ბათუმის შოთა რუსთაველის სახელმწ. უნ-ტი, |
| გამოცემის, წარმოების, დისტრიბუციის... თარიღი |
2019. |
| 300 ## - ფიზიკური აღწერა |
| Extent |
443 გვ. ; |
| Other physical details |
30 სმ. |
| 501 ## - შენიშვნა თანმხლებ მასალაზე |
| With note |
საძიებელი გვ. 429-433
|
| 700 ## - ADDED ENTRY--PERSONAL NAME |
| Personal name |
ხალვაში, მერაბ |
| Relator term |
მთავარი რედაქტორი |
| 9 (RLIN) |
18093 |
| 700 ## - ADDED ENTRY--PERSONAL NAME |
| Personal name |
მალაყმაძე, როინ |
| Relator term |
რედაქტორი |
| 9 (RLIN) |
18094 |
| 700 ## - ADDED ENTRY--PERSONAL NAME |
| Personal name |
ფუტკარაძე, შუშანა |
| Relator term |
რედაქტორი |
| 9 (RLIN) |
1978 |
| 700 ## - ADDED ENTRY--PERSONAL NAME |
| Personal name |
კახიძე, ნოდარ |
| Relator term |
რედაქტორი |
| 9 (RLIN) |
18095 |
| 700 ## - ADDED ENTRY--PERSONAL NAME |
| Personal name |
დიასამიძე, ბიჭიკო |
| Relator term |
რედაქტორი |
| 9 (RLIN) |
18096 |
| 700 ## - ADDED ENTRY--PERSONAL NAME |
| Personal name |
ლომთათიძე, თამილა |
| Relator term |
რედაქტორი |
| 9 (RLIN) |
10264 |
| 710 ## - ADDED ENTRY--CORPORATE NAME |
| Corporate name or jurisdiction name as entry element |
შოთა რუსთაველის სახელმწ. უნივერსიტეტი |
| Subordinate unit |
ნიკო ბერძენიშვილის ინსტიტუტის ფოლკლორის, დიალექტოლოგიისა და ემიგრანტული ლიტერატურის კვლევის განყოფილება |
| 9 (RLIN) |
18097 |
| 942 ## - ADDED ENTRY ELEMENTS (KOHA) |
| Source of classification or shelving scheme |
|
| Koha item type |
წიგნი |